[Event "Arco op 43rd"]
[Site "Arco"]
[Date "2021.10.17"]
[Round "9"]
[White "Mattavelli, Italo"]
[Black "Hartz, Erik"]
[Result "0-1"]
[WhiteElo "1645"]
[BlackElo "1997"]
[PlyCount "66"]
[EventDate "2021.10.09"]
[EventType "swiss"]
[EventRounds "9"]
[EventCountry "ITA"]
[SourceTitle "EXT 2023"]
[Source "ChessBase"]
[SourceDate "2022.10.05"]
[SourceVersion "1"]
[SourceVersionDate "2022.10.05"]
[SourceQuality "1"]

1. e4 d6 2. d4 Nf6 3. Nc3 Nbd7 4. Be3 e5 5. f3 Be7 6. Nh3 c6 7. a4 h6 8. Nf2 Qc7 9. Be2 Nf8 10. 0-0 g5 11. a5 Ng6 12. b4 Nf4 13. dxe5 dxe5 14. b5 Bb4 15. b6 Qe7 16. Na4 a6 17. Bd2 Bxd2 18. Qxd2 Be6 19. Rfd1 Rd8 20. Qc3 Ng6 21. Nc5 g4 22. Bf1 0-0 23. Be2 Nf4 24. Rxd8 Rxd8 25. Bf1 gxf3 26. gxf3 Bc8 27. Nfd3 Nxd3 28. Nxd3 Re8 29. Rd1 Kh7 30. Rd2 Nh5 31. Rg2 Bh3 32. Rf2 Qg5+ 33. Kh1 Rg8 0-1

[Event "Arco op 43rd"]
[Site "Arco"]
[Date "2021.10.15"]
[Round "7"]
[White "Perman, Sergey"]
[Black "Hartz, Erik"]
[Result "1/2-1/2"]
[WhiteElo "2146"]
[BlackElo "1997"]
[PlyCount "24"]
[EventDate "2021.10.09"]
[EventType "swiss"]
[EventRounds "9"]
[EventCountry "ITA"]
[SourceTitle "CBM 204 Extra"]
[Source "ChessBase"]
[SourceDate "2021.11.30"]
[SourceVersion "1"]
[SourceVersionDate "2021.11.30"]
[SourceQuality "1"]

1. e4 d6 2. d4 Nf6 3. Nc3 Nbd7 4. f4 e5 5. Nf3 exd4 6. Qxd4 c6 7. Be3 d5 8. exd5 Bc5 9. Qd3 Qe7 10. Kd2 0-0 11. Re1 Nb6 12. Bd4 Qd6 1/2-1/2

[Event "Arco op 43rd"]
[Site "Arco"]
[Date "2021.10.14"]
[Round "6"]
[White "Hartz, Erik"]
[Black "Colucci, Stefano"]
[Result "1-0"]
[WhiteElo "1997"]
[BlackElo "1759"]
[PlyCount "71"]
[EventDate "2021.10.09"]
[EventType "swiss"]
[EventRounds "9"]
[EventCountry "ITA"]
[SourceTitle "CBM 204 Extra"]
[Source "ChessBase"]
[SourceDate "2021.11.30"]
[SourceVersion "1"]
[SourceVersionDate "2021.11.30"]
[SourceQuality "1"]

1. c4 c5 2. g3 g6 3. Nf3 Nf6 4. Bg2 Bg7 5. 0-0 0-0 6. Nc3 Nc6 7. d4 cxd4 8. Nxd4 Nxd4 9. Qxd4 d6 10. Qd3 Rb8 11. Nb5 a6 12. Nd4 Nd7 13. Rd1 Ne5 14. Qc2 Qc7 15. b3 b5 16. f4 Ng4 17. h3 Qc5 18. e3 e5 19. b4 Qxc4 20. Qxc4 bxc4 21. Nc6 exf4 22. Nxb8 Bxa1 23. exf4 Nf6 24. Rxd6 Re8 25. Kf1 Nh5 26. Kf2 Bc3 27. Bd2 Bxd2 28. Rxd2 Nf6 29. Re2 Rd8 30. Nc6 Rf8 31. Nd4 Be6 32. Nxe6 fxe6 33. Bb7 Rb8 34. Bxa6 Rxb4 35. Rc2 Kf7 36. Bxc4 1-0

[Event "Arco op 43rd"]
[Site "Arco"]
[Date "2021.10.13"]
[Round "5"]
[White "Joller, Hans"]
[Black "Hartz, Erik"]
[Result "0-1"]
[WhiteElo "1728"]
[BlackElo "1997"]
[PlyCount "99"]
[EventDate "2021.10.09"]
[EventType "swiss"]
[EventRounds "9"]
[EventCountry "ITA"]
[SourceTitle "CBM 204 Extra"]
[Source "ChessBase"]
[SourceDate "2021.11.30"]
[SourceVersion "1"]
[SourceVersionDate "2021.11.30"]
[SourceQuality "1"]

1. e4 d6 2. d4 Nf6 3. Bd3 Nbd7 4. Ne2 e5 5. c3 c6 6. 0-0 Be7 7. Nd2 d5 8. Ng3 exd4 9. cxd4 dxe4 10. Ndxe4 Nxe4 11. Bxe4 Nf6 12. Bf5 0-0 13. Bf4 Bxf5 14. Nxf5 Qd7 15. Qc2 Nd5 16. Be5 f6 17. Bg3 Rae8 18. a3 g6 19. Nh4 f5 20. f4 Bxh4 21. Bxh4 Ne3 22. Qb3+ Qe6 23. Qxe6+ Rxe6 24. Rf3 Nd5 25. Re1 Rfe8 26. Re5 Kf7 27. Bg5 b5 28. h3 Nb6 29. b3 Nd7 30. g4 Nxe5 31. fxe5 Kg8 32. gxf5 gxf5 33. Rxf5 Rg6 34. Kf2 Rf8 35. Bf6 Kf7 36. Bh4+ Ke8 37. Rxf8+ Kxf8 38. Kf3 Kf7 39. Bf2 Ke6 40. Ke4 Rh6 41. h4 Rg6 42. Kf3 h6 43. Ke4 Rg4+ 44. Kd3 a5 45. a4 Kd5 46. axb5 cxb5 47. Kc3 Rg2 48. Be1 Re2 49. Bd2 Re4 50. e6 0-1

[Event "Arco op 43rd"]
[Site "Arco"]
[Date "2021.10.11"]
[Round "3"]
[White "Pierangeli, Andrea"]
[Black "Hartz, Erik"]
[Result "1/2-1/2"]
[WhiteElo "1776"]
[BlackElo "1997"]
[PlyCount "101"]
[EventDate "2021.10.09"]
[EventType "swiss"]
[EventRounds "9"]
[EventCountry "ITA"]
[SourceTitle "CBM 204 Extra"]
[Source "ChessBase"]
[SourceDate "2021.11.30"]
[SourceVersion "1"]
[SourceVersionDate "2021.11.30"]
[SourceQuality "1"]

1. d4 f5 2. Bf4 Nf6 3. Nf3 e6 4. e3 d5 5. Nbd2 Bd6 6. Ne5 0-0 7. Ndf3 Ne4 8. c3 Nd7 9. Bd3 Ndf6 10. Qd2 Bd7 11. 0-0 Be8 12. Qc2 Bh5 13. h3 Rc8 14. Ng5 Nxg5 15. Bxg5 Qe8 16. Bf4 c6 17. f3 Bxe5 18. Bxe5 Qe7 19. Rae1 Nd7 20. Bg3 c5 21. Qf2 a6 22. Bb1 Rce8 23. Qd2 Bg6 24. Re2 b5 25. Rfe1 Bh5 26. Rf2 Bg6 27. Bf4 Nf6 28. Bg5 c4 29. e4 Qf7 30. Bxf6 Qxf6 31. exd5 exd5 32. Rfe2 Rxe2 33. Rxe2 f4 34. Qc1 Bd3 35. Re5 Qg6 36. Bxd3 cxd3 37. Qd2 Rf5 38. Qxd3 Rxe5 39. Qxg6 hxg6 40. dxe5 g5 41. Kf1 Kf7 42. Ke2 Ke6 43. Kd3 Kxe5 44. b3 a5 45. a4 bxa4 46. bxa4 g6 47. c4 d4 48. c5 Kd5 49. c6 Kxc6 50. Kxd4 Kd6 51. Kc4 1/2-1/2

[Event "Arco op 42nd"]
[Site "Arco"]
[Date "2020.10.14"]
[Round "5.13"]
[White "Sedina, Elena"]
[Black "Hartz, Erik"]
[Result "1-0"]
[WhiteElo "2299"]
[BlackElo "2014"]
[PlyCount "115"]
[EventDate "2020.10.10"]
[EventType "swiss"]
[EventRounds "9"]
[EventCountry "ITA"]
[SourceTitle "CBM 198 Extra"]
[Source "ChessBase"]
[SourceDate "2020.11.30"]
[SourceVersion "1"]
[SourceVersionDate "2020.11.30"]
[SourceQuality "1"]

1. e4 d6 2. d4 Nf6 3. Nc3 Nbd7 4. Nf3 e5 5. Bc4 Be7 6. 0-0 c6 7. a4 Qc7 8. Re1 h6 9. Be3 Nf8 10. a5 Ng6 11. h3 0-0 12. Bb3 Bd7 13. Qd2 Kh7 14. Red1 Be6 15. Bxe6 fxe6 16. dxe5 dxe5 17. Qe2 Bb4 18. a6 b5 19. Na2 Be7 20. c4 b4 21. c5 Nxe4 22. Qc2 Nf6 23. Nh4 e4 24. Nxg6 Kxg6 25. Nxb4 Rab8 26. Qc4 Kh7 27. Nc2 e5 28. b4 Qc8 29. Bd2 Nd5 30. Qxe4+ Kh8 31. Ra3 Qe6 32. Nd4 Qd7 33. Nf3 Bf6 34. Re1 Rfe8 35. Raa1 Rbd8 36. Rab1 Qc8 37. Ra1 Nf4 38. Ra3 Ne6 39. Qf5 Qd7 40. Bxh6 Nxc5 41. Qh5 Nd3 42. Rd1 e4 43. Bg5+ Kg8 44. Bxf6 gxf6 45. Ne1 Re5 46. Qh4 Qe7 47. Nxd3 exd3 48. Raxd3 Re1+ 49. Kh2 Rxd1 50. Rg3+ Kf8 51. Qh8+ Kf7 52. Rg7+ Ke6 53. Rxe7+ Kxe7 54. Qg7+ Ke6 55. Qxa7 R1d7 56. Qb6 Kd6 57. a7 Ra8 58. Qb8+ 1-0

[Event "Arco op 42nd"]
[Site "Arco"]
[Date "2020.10.13"]
[Round "4.10"]
[White "Hartz, Erik"]
[Black "Trabattoni, Franco"]
[Result "1/2-1/2"]
[WhiteElo "2014"]
[BlackElo "2246"]
[PlyCount "72"]
[EventDate "2020.10.10"]
[EventType "swiss"]
[EventRounds "9"]
[EventCountry "ITA"]
[SourceTitle "CBM 198 Extra"]
[Source "ChessBase"]
[SourceDate "2020.11.30"]
[SourceVersion "1"]
[SourceVersionDate "2020.11.30"]
[SourceQuality "1"]

1. Nf3 Nf6 2. b3 g6 3. g3 Bg7 4. Bb2 0-0 5. Bg2 d5 6. 0-0 c5 7. d4 cxd4 8. Nxd4 Nc6 9. Nxc6 bxc6 10. Nd2 a5 11. c4 Ba6 12. Rc1 e6 13. Re1 Qb6 14. c5 Qb7 15. Be5 Rfd8 16. e3 Nd7 17. Bxg7 Kxg7 18. e4 Qc7 19. exd5 exd5 20. Nf3 Re8 21. Qd4+ f6 22. Ng5 Nf8 23. Bh3 h6 24. Ne6+ Nxe6 25. Bxe6 Re7 26. Re3 Rae8 27. Rce1 Bc8 28. Bxc8 Rxe3 29. Rxe3 Qxc8 30. b4 Rxe3 31. fxe3 axb4 32. Qxb4 Qa6 33. a4 Qe2 34. Qb7+ Kf8 35. Qc8+ Kf7 36. Qd7+ Kf8 1/2-1/2

[Event "Gelsenkirchen Koenigsspringer op"]
[Site "Gelsenkirchen"]
[Date "2019.12.29"]
[Round "5"]
[White "Hartz, Erik"]
[Black "Seppelfricke, Guido"]
[Result "0-1"]
[WhiteElo "2046"]
[BlackElo "1859"]
[PlyCount "88"]
[EventDate "2019.12.27"]
[EventType "swiss"]
[EventRounds "7"]
[EventCountry "GER"]
[SourceTitle "CBM 194 Extra"]
[Source "ChessBase"]
[SourceDate "2020.03.31"]
[SourceVersion "1"]
[SourceVersionDate "2020.03.31"]
[SourceQuality "1"]

1. d3 c5 2. Nf3 Nc6 3. Nbd2 d6 4. e4 g6 5. c3 Bg7 6. Qc2 Nf6 7. g3 0-0 8. Bg2 Qc7 9. 0-0 Bd7 10. a4 Rac8 11. Nc4 e5 12. Ne3 Ne7 13. Ne1 Ng4 14. Qe2 Nxe3 15. Bxe3 f5 16. f4 Kh8 17. Nf3 Rce8 18. fxe5 dxe5 19. Qd2 b6 20. Bh6 f4 21. Bxg7+ Kxg7 22. gxf4 Rxf4 23. d4 exd4 24. cxd4 Ref8 25. d5 Qd6 26. Qc3+ Kg8 27. Nd2 Rxf1+ 28. Rxf1 Rxf1+ 29. Nxf1 Qf4 30. b3 g5 31. Ng3 Ng6 32. Nh5 Qe5 33. Qf3 Bc8 34. Bf1 g4 35. Nf6+ Kg7 36. Nxg4 Qg5 37. h3 h5 38. Qc3+ Kf7 39. Qg3 Nf4 40. e5 hxg4 41. e6+ Ke7 42. hxg4 Nxd5 43. Qb8 Qe3+ 44. Kh2 Qf4+ 0-1

[Event "Douglas IoM op-B"]
[Site "Douglas"]
[Date "2018.10.23"]
[Round "2"]
[White "Hartz, Erik"]
[Black "Hamilton, Graham"]
[Result "1/2-1/2"]
[WhiteElo "2059"]
[BlackElo "1968"]
[PlyCount "109"]
[EventDate "2018.10.22"]
[EventType "swiss"]
[EventRounds "7"]
[EventCountry "IOM"]
[SourceTitle "CBM 187 Extra"]
[Source "ChessBase"]
[SourceDate "2018.11.04"]
[SourceVersion "1"]
[SourceVersionDate "2018.11.04"]
[SourceQuality "1"]

1. e4 e6 2. d3 b6 3. g3 Bb7 4. Bg2 Nf6 5. Nf3 d5 6. e5 Nfd7 7. 0-0 Be7 8. c3 c5 9. Re1 Nc6 10. Qe2 h6 11. a3 Qc7 12. c4 d4 13. b4 cxb4 14. Bb2 Bc5 15. Nbd2 bxa3 16. Bxa3 Bxa3 17. Rxa3 Nc5 18. h4 0-0-0 19. Nb3 Nxb3 20. Rxb3 Na5 21. Rb2 Kb8 22. Rc1 Qd7 23. c5 Rc8 24. Qd2 Qd8 25. Qb4 Nc6 26. Qa4 g5 27. cxb6 a6 28. Rbc2 Qxb6 29. Qa2 Nb4 30. Rxc8+ Rxc8 31. Rxc8+ Kxc8 32. Qc4+ Nc6 33. hxg5 hxg5 34. Nxg5 Qc7 35. f4 Kb8 36. Nxf7 Qxf7 37. Bxc6 Qc7 38. Bxb7 Qxc4 39. dxc4 Kxb7 40. g4 a5 41. f5 a4 42. f6 a3 43. f7 a2 44. f8Q a1Q+ 45. Qf1 Qc3 46. Qf7+ Kb8 47. Qf8+ Kb7 48. Qe7+ Kb8 49. Qd8+ Kb7 50. Qd7+ Kb8 51. Qb5+ Kc7 52. Qc5+ Kb7 53. Qe7+ Kb8 54. Qe8+ Kc7 55. Qe7+ 1/2-1/2

[Event "Hilversum op"]
[Site "Hilversum"]
[Date "2018.06.22"]
[Round "1"]
[White "Hartz, Erik"]
[Black "Petrisor, Adrian Marian"]
[Result "0-1"]
[WhiteElo "2045"]
[BlackElo "2400"]
[PlyCount "54"]
[EventDate "2018.06.22"]
[EventType "swiss"]
[EventRounds "6"]
[EventCountry "NED"]
[SourceTitle "CBM 185 Extra"]
[Source "ChessBase"]
[SourceDate "2018.07.29"]
[SourceVersion "1"]
[SourceVersionDate "2018.07.29"]
[SourceQuality "1"]

1. Nf3 Nf6 2. g3 g6 3. Bg2 Bg7 4. d3 d5 5. 0-0 0-0 6. Nbd2 a5 7. Re1 a4 8. e4 dxe4 9. dxe4 a3 10. e5 Nd5 11. c3 Nc6 12. h3 axb2 13. Bxb2 Nb6 14. Qe2 Na4 15. Nb3 Be6 16. Rad1 Qc8 17. Ng5 Bc4 18. Qc2 Qf5 19. Qxf5 gxf5 20. Ba1 Nxe5 21. f4 Nc6 22. Bxc6 bxc6 23. Rxe7 Nxc3 24. Bxc3 Bxc3 25. Rxc7 Rxa2 26. Nc5 Re8 27. Rxc6 Bd4+ 0-1

[Event "Arco op 38th"]
[Site "Arco"]
[Date "2016.10.14"]
[Round "7"]
[White "Hartz, Erik"]
[Black "Pedersen, Hans Buus"]
[Result "1/2-1/2"]
[WhiteElo "2107"]
[BlackElo "2189"]
[PlyCount "20"]
[EventDate "2016.10.08"]
[EventType "swiss"]
[EventRounds "9"]
[EventCountry "ITA"]
[SourceTitle "EXT 2017"]
[Source "ChessBase"]
[SourceDate "2016.10.25"]
[SourceVersion "1"]
[SourceVersionDate "2016.10.25"]
[SourceQuality "1"]

1. e4 c6 2. d4 d5 3. exd5 cxd5 4. Bd3 Nc6 5. c3 Qc7 6. Ne2 Bg4 7. f3 Bd7 8. 0-0 e6 9. Bf4 Bd6 10. Bxd6 Qxd6 1/2-1/2

[Event "Arco op 38th"]
[Site "Arco"]
[Date "2016.10.09"]
[Round "2"]
[White "Pipitone, Antonio"]
[Black "Hartz, Erik"]
[Result "0-1"]
[WhiteElo "1836"]
[BlackElo "2107"]
[PlyCount "102"]
[EventDate "2016.10.08"]
[EventType "swiss"]
[EventRounds "9"]
[EventCountry "ITA"]
[SourceTitle "EXT 2017"]
[Source "ChessBase"]
[SourceDate "2016.10.25"]
[SourceVersion "1"]
[SourceVersionDate "2016.10.25"]
[SourceQuality "1"]

1. e4 d6 2. d4 Nf6 3. Nc3 Nbd7 4. Be2 e5 5. Nf3 c6 6. 0-0 Qc7 7. h3 Be7 8. Be3 h6 9. Qd2 Nf8 10. Rad1 g5 11. Nh2 Ng6 12. b4 Nf4 13. Bxf4 gxf4 14. a3 Rg8 15. Kh1 Bd7 16. Bf3 Rg7 17. Ne2 0-0-0 18. c4 Nh7 19. Qb2 Ng5 20. dxe5 dxe5 21. Nxf4 Nxf3 22. Nxf3 f6 23. Nh5 Rg6 24. c5 Rdg8 25. Rg1 Be6 26. Ng3 b6 27. cxb6 axb6 28. Nf5 Bxf5 29. exf5 R6g7 30. Qb3 Kb7 31. Qe6 Rd8 32. Nh4 Rd6 33. Qb3 Rd4 34. Rxd4 exd4 35. Ng6 Qd7 36. Qd3 Qd5 37. Rc1 Bd6 38. f3 Bg3 39. Rf1 h5 40. h4 Bc7 41. f4 Bd6 42. Rd1 c5 43. bxc5 Bxc5 44. a4 Rc7 45. Rc1 Bb4 46. Rd1 Rc3 47. Qxd4 Rh3+ 48. Kg1 Bc5 49. gxh3 Bxd4+ 50. Kh2 Qf3 51. Rd2 Bf2 0-1